[Event "Viljandi Valgmae Memorial"]
[Site "Viljandi"]
[Date "2023.07.01"]
[Round "3"]
[White "Keinanen, Toivo"]
[Black "Naslund, Mikael"]
[Result "1-0"]
[WhiteElo "2504"]
[BlackElo "2149"]
[PlyCount "55"]
[EventDate "2023.07.01"]
[EventType "swiss (rapid)"]
[EventRounds "9"]
[EventCountry "EST"]
[SourceTitle "CBM 215 Extra"]
[Source "ChessBase"]
[SourceDate "2023.09.30"]
[SourceVersion "1"]
[SourceVersionDate "2023.09.30"]
[SourceQuality "1"]

1. d4 d5 2. Nf3 Nf6 3. e3 g6 4. c4 Bg7 5. cxd5 Nxd5 6. e4 Nb6 7. Bb5+ c6 8. Be2 Bg4 9. Nbd2 N8d7 10. h3 Bxf3 11. Nxf3 e5 12. Be3 exd4 13. Bxd4 Bxd4 14. Qxd4 Nf6 15. 0-0-0 Qxd4 16. Rxd4 Rd8 17. Bd3 Ke7 18. Bc2 Rxd4 19. Nxd4 Nbd7 20. Re1 Re8 21. Kd2 Kd6 22. Re2 Nc5 23. f3 Ke5 24. Ke3 Ne6 25. Rd2 Nxd4 26. Rxd4 Re7 27. f4+ Ke6 28. Bb3+ 1-0

[Event "SWE-chT 1920 Superettan"]
[Site "Sweden"]
[Date "2020.02.01"]
[Round "5"]
[White "Naslund, Mikael"]
[Black "Crevatin, Leo"]
[Result "1/2-1/2"]
[WhiteElo "2164"]
[BlackElo "2235"]
[PlyCount "137"]
[EventDate "2019.10.18"]
[EventType "team-tourn"]
[EventRounds "9"]
[EventCountry "SWE"]
[SourceTitle "EXT 2023"]
[Source "ChessBase"]
[SourceDate "2022.10.05"]
[SourceVersion "1"]
[SourceVersionDate "2022.10.05"]
[SourceQuality "1"]
[WhiteTeam "Kristallen"]
[BlackTeam "Stockholm Rockaden II"]
[WhiteTeamCountry "SWE"]
[BlackTeamCountry "SWE"]

1. d4 d5 2. Nf3 Nf6 3. c4 c6 4. Qb3 dxc4 5. Qxc4 Bg4 6. Nc3 Nbd7 7. e4 e5 8. Nxe5 Nxe5 9. dxe5 Be6 10. Qd3 Qxd3 11. Bxd3 Ng4 12. Bf4 Bc5 13. 0-0 Bd4 14. Be2 Nxe5 15. Rfd1 Ng6 16. Bd6 Bb6 17. Na4 Bd8 18. f4 Ne7 19. f5 Bc8 20. Nc5 0-0 21. g4 Re8 22. Bc4 a5 23. a4 b6 24. Nd3 Ba6 25. Bb3 Bxd3 26. Rxd3 Nc8 27. Bg3 Bf6 28. e5 Be7 29. Rad1 Bc5+ 30. Kg2 Ne7 31. Rd7 h6 32. Rb7 Rad8 33. Rbd7 Nd5 34. Rxd8 Rxd8 35. Kf3 Be7 36. Ke4 Nb4 37. Rxd8+ Bxd8 38. e6 fxe6 39. fxe6 Kf8 40. Bd6+ Be7 41. Bc7 Na6 42. Bxb6 Nc5+ 43. Bxc5 Bxc5 44. Bc2 Ke7 45. Kf5 Bd6 46. h3 c5 47. Bd3 Bg3 48. Bc4 Bf2 49. Kg6 Bd4 50. b3 Bf6 51. Kh5 Kd6 52. Kg6 Ke7 53. Kh5 Kd6 54. h4 Ke7 55. g5 hxg5 56. hxg5 Be5 57. Kg6 Bd4 58. Kf5 Be3 59. g6 Bd4 60. Ke4 Bc3 61. Kd5 Bb4 62. Kc6 Be1 63. Kxc5 Bb4+ 64. Kc6 Be1 65. Kc5 Bb4+ 66. Kc6 Be1 67. Kb6 Bb4 68. Kb5 Be1 69. Kc5 1/2-1/2

[Event "SWE-chT 1920 Superettan"]
[Site "Sweden"]
[Date "2019.10.19"]
[Round "2"]
[White "Naslund, Mikael"]
[Black "Krantz, Christopher"]
[Result "1/2-1/2"]
[WhiteElo "2164"]
[BlackElo "2217"]
[PlyCount "101"]
[EventDate "2019.10.18"]
[EventType "team-tourn"]
[EventRounds "9"]
[EventCountry "SWE"]
[SourceTitle "EXT 2023"]
[Source "ChessBase"]
[SourceDate "2022.10.05"]
[SourceVersion "1"]
[SourceVersionDate "2022.10.05"]
[SourceQuality "1"]
[WhiteTeam "Kristallen"]
[BlackTeam "Umea Rockaden"]
[WhiteTeamCountry "SWE"]
[BlackTeamCountry "SWE"]

1. d4 d5 2. c4 dxc4 3. Nf3 Nf6 4. e3 Bg4 5. Bxc4 e6 6. 0-0 a6 7. Be2 Nc6 8. b3 Bd6 9. Bb2 0-0 10. Nbd2 Qe7 11. Nc4 Ne4 12. Nxd6 Qxd6 13. Rc1 Rad8 14. h3 Bh5 15. a3 f5 16. Qc2 Qe7 17. Ne5 Nxe5 18. Bxh5 Nc6 19. Be2 Ra8 20. Bc4 Rfd8 21. Rfd1 Qf7 22. b4 Rac8 23. Qb3 Rd6 24. d5 Nd8 25. dxe6 Qe7 26. Be5 Rd2 27. f3 b5 28. Bd5 Rxd1+ 29. Qxd1 Ng5 30. Rxc7 Rxc7 31. Bxc7 Ndxe6 32. Be5 Nf7 33. Bb2 Kf8 34. Qb3 Nc7 35. Bxf7 Qxf7 36. Qxf7+ Kxf7 37. Kf2 g6 38. Ke2 Nd5 39. Bd4 Ke6 40. g4 Nc7 41. e4 fxe4 42. fxe4 Ne8 43. Bc5 Nf6 44. Ke3 h5 45. Bd4 hxg4 46. h4 Nh5 47. Ba7 Kd6 48. Bd4 Ke6 49. Ba7 Kd6 50. Bb8+ Ke6 51. Ba7 1/2-1/2

[Event "Deltalift op"]
[Site "Tylosand"]
[Date "2019.05.31"]
[Round "6"]
[White "Ivarsson, Sebastian"]
[Black "Naslund, Mikael"]
[Result "1-0"]
[WhiteElo "2013"]
[BlackElo "2177"]
[PlyCount "87"]
[EventDate "2019.05.30"]
[EventType "swiss"]
[EventRounds "8"]
[EventCountry "SWE"]
[SourceTitle "CBM 190 Extra"]
[Source "ChessBase"]
[SourceDate "2019.07.15"]
[SourceVersion "1"]
[SourceVersionDate "2019.07.15"]
[SourceQuality "1"]

1. d4 Nf6 2. c4 g6 3. Nc3 d5 4. Nf3 Bg7 5. cxd5 Nxd5 6. e4 Nxc3 7. bxc3 c5 8. Rb1 Nc6 9. d5 Ne5 10. Nxe5 Bxe5 11. Bb5+ Bd7 12. 0-0 Bxb5 13. Rxb5 Qc7 14. Qb3 c4 15. Qb2 b6 16. f4 Bg7 17. a4 0-0 18. Be3 Rab8 19. Rb1 e6 20. a5 exd5 21. axb6 axb6 22. Rxd5 Rfe8 23. e5 g5 24. g3 gxf4 25. gxf4 Qc6 26. Qg2 Kh8 27. Rd6 Qa4 28. Qd5 Qc2 29. Rc1 Qe2 30. Qd2 Qg4+ 31. Qg2 Qf5 32. Qf3 b5 33. Kf2 b4 34. cxb4 Rxb4 35. Qc6 Rc8 36. Qd7 Rb2+ 37. Kg3 Qxd7 38. Rxd7 Rb3 39. Kf3 Kg8 40. e6 Rxe3+ 41. Kxe3 Re8 42. Kf3 Rxe6 43. Rd8+ Bf8 44. f5 1-0

[Event "Deltalift op"]
[Site "Tylosand"]
[Date "2019.05.30"]
[Round "3"]
[White "Naslund, Mikael"]
[Black "Petersson, Kjell"]
[Result "1-0"]
[WhiteElo "2177"]
[BlackElo "1949"]
[PlyCount "83"]
[EventDate "2019.05.30"]
[EventType "swiss"]
[EventRounds "8"]
[EventCountry "SWE"]
[SourceTitle "CBM 190 Extra"]
[Source "ChessBase"]
[SourceDate "2019.07.15"]
[SourceVersion "1"]
[SourceVersionDate "2019.07.15"]
[SourceQuality "1"]

1. d4 d5 2. Nf3 e6 3. c4 c6 4. Nc3 f5 5. g3 Nf6 6. Bg2 Bd6 7. 0-0 Nbd7 8. c5 Bc7 9. b4 e5 10. dxe5 Nxe5 11. Nxe5 Bxe5 12. Bb2 0-0 13. e3 Be6 14. Qc2 Qe8 15. Ne2 Bd7 16. a3 Rd8 17. Bxe5 Qxe5 18. Rab1 Ne4 19. Qb2 Qe7 20. Rfc1 Rde8 21. Qd4 a6 22. a4 Qf7 23. Nf4 g5 24. Nd3 Qh5 25. Rb2 Re6 26. Ne5 Bc8 27. f3 Rh6 28. Bf1 Nxg3 29. hxg3 Qh1+ 30. Kf2 f4 31. exf4 gxf4 32. g4 Qh4+ 33. Ke2 Re8 34. Kd3 Bxg4 35. Nxg4 Rhe6 36. Re2 Qg3 37. Nh6+ Rxh6 38. Rxe8+ Kf7 39. Qe5 Qxf3+ 40. Kd2 Rh2+ 41. Be2 Rxe2+ 42. Qxe2 1-0

[Event "Badalona op 44th"]
[Site "Badalona"]
[Date "2018.08.02"]
[Round "2"]
[White "Naslund, Mikael"]
[Black "Oliva Castaneda, Kevel"]
[Result "1/2-1/2"]
[WhiteElo "2190"]
[BlackElo "2479"]
[PlyCount "44"]
[EventDate "2018.08.01"]
[EventType "swiss"]
[EventRounds "9"]
[EventCountry "ESP"]
[SourceTitle "CBM 185 Extra"]
[Source "ChessBase"]
[SourceDate "2018.07.29"]
[SourceVersion "1"]
[SourceVersionDate "2018.07.29"]
[SourceQuality "1"]

1. d4 Nf6 2. Nf3 g6 3. c4 Bg7 4. Nc3 0-0 5. e4 d6 6. Be2 e5 7. 0-0 Nc6 8. d5 Ne7 9. Ne1 Nd7 10. f3 f5 11. g4 Kh8 12. g5 Ng8 13. h4 h6 14. Rf2 f4 15. Rh2 Rf7 16. Nd3 Bf8 17. Kf2 Rh7 18. Qg1 Be7 19. Nxf4 exf4 20. Bxf4 Rf7 21. Be3 Ne5 22. f4 h5 1/2-1/2

[Event "Gothenburg Kvibergspelen"]
[Site "Gothenburg"]
[Date "2018.04.22"]
[Round "8"]
[White "Petersson, Baldur Teodor"]
[Black "Naslund, Mikael"]
[Result "1/2-1/2"]
[WhiteElo "2003"]
[BlackElo "2224"]
[PlyCount "51"]
[EventDate "2018.04.20"]
[EventType "swiss"]
[EventRounds "8"]
[EventCountry "SWE"]
[SourceTitle "CBM 184 Extra"]
[Source "ChessBase"]
[SourceDate "2018.06.28"]
[SourceVersion "1"]
[SourceVersionDate "2018.06.28"]
[SourceQuality "1"]

1. e4 d5 2. exd5 Nf6 3. d4 Bg4 4. Be2 Bxe2 5. Qxe2 Qxd5 6. Nf3 Nc6 7. c4 Qf5 8. Nc3 0-0-0 9. d5 Nb4 10. 0-0 e6 11. dxe6 fxe6 12. Ne5 Bd6 13. Nf7 Ng4 14. Nxd6+ Rxd6 15. Nb5 Rd7 16. Bd2 Nc6 17. Bc3 a6 18. Na3 e5 19. f3 Nf6 20. b4 Nd4 21. Qe3 Nh5 22. g3 g5 23. Rae1 Rhd8 24. g4 Qg6 25. gxh5 Qxh5 26. Qe4 1/2-1/2

[Event "Norrkoeping Easter op"]
[Site "Norrkoeping"]
[Date "2018.03.31"]
[Round "4"]
[White "Naslund, Mikael"]
[Black "Jakenberg, Jussi"]
[Result "1/2-1/2"]
[WhiteElo "2238"]
[BlackElo "2076"]
[PlyCount "121"]
[EventDate "2018.03.30"]
[EventType "swiss"]
[EventRounds "9"]
[EventCountry "SWE"]
[SourceTitle "CBM 183 Extra"]
[Source "ChessBase"]
[SourceDate "2018.04.19"]
[SourceVersion "1"]
[SourceVersionDate "2018.04.19"]
[SourceQuality "1"]

1. d4 Nf6 2. c4 e6 3. Nf3 b6 4. g3 Bb4+ 5. Bd2 Be7 6. Bg2 c6 7. 0-0 0-0 8. Nc3 d5 9. Ne5 Bb7 10. Bf4 Nbd7 11. Qa4 Nxe5 12. Bxe5 a6 13. cxd5 cxd5 14. Rfc1 Bd6 15. Bxf6 gxf6 16. e4 b5 17. Qc2 b4 18. Na4 Rc8 19. Qe2 dxe4 20. Bxe4 Bxe4 21. Qxe4 Rc7 22. Nc5 Bxc5 23. dxc5 a5 24. c6 Qd5 25. Qf4 Rfc8 26. Qxf6 Rxc6 27. Rd1 Qe4 28. Rd8+ Rxd8 29. Qxd8+ Kg7 30. Qg5+ Qg6 31. Qxa5 Qg4 32. Re1 Rc2 33. Qe5+ f6 34. Qxe6 Qxe6 35. Rxe6 Rxb2 36. Rb6 Rxa2 37. Rxb4 h5 38. h4 Kg6 39. Kg2 Rc2 40. Kf3 Ra2 41. Ke3 Rc2 42. f3 Rh2 43. Kf4 Rh1 44. Ra4 Rh2 45. Ke4 Rh3 46. Kf4 Rh2 47. Rc4 Rh1 48. Rc3 Rh2 49. Ra3 Rh1 50. Ke4 Rg1 51. Kf4 Rh1 52. Rb3 Rh2 53. Ke4 Re2+ 54. Kf4 Rh2 55. Ke4 Re2+ 56. Kd4 Rg2 57. f4 Kf5 58. Rb5+ Kg4 59. Rb6 Kf5 60. Rb5+ Kg4 61. Rb6 1/2-1/2

[Event "Vaxjo op"]
[Site "Vaxjo"]
[Date "2018.02.11"]
[Round "8"]
[White "Harren, Mats"]
[Black "Naslund, Mikael"]
[Result "0-1"]
[WhiteElo "2122"]
[BlackElo "2205"]
[PlyCount "52"]
[EventDate "2018.02.09"]
[EventType "swiss"]
[EventRounds "8"]
[EventCountry "SWE"]
[SourceTitle "CBM 182 Extra"]
[Source "ChessBase"]
[SourceDate "2018.02.23"]
[SourceVersion "1"]
[SourceVersionDate "2018.02.23"]
[SourceQuality "1"]

1. e4 c5 2. c3 g6 3. d4 cxd4 4. cxd4 d5 5. exd5 Nf6 6. Nc3 Bg7 7. Qb3 0-0 8. Bd3 a5 9. Nge2 Na6 10. Bf4 Nb4 11. Bc4 Bf5 12. Rc1 Rc8 13. a3 Bd3 14. axb4 Bxc4 15. Qa4 axb4 16. Qxb4 Nxd5 17. Qxb7 Nxf4 18. Nxf4 Qxd4 19. Nfe2 Qe5 20. Qf3 Qe6 21. Qe3 Qa6 22. f3 Rb8 23. Rc2 Qa1+ 24. Nd1 Rfd8 25. Rc1 Qa5+ 26. Nec3 Rb6 0-1

[Event "Vaxjo op"]
[Site "Vaxjo"]
[Date "2018.02.09"]
[Round "1"]
[White "Naslund, Mikael"]
[Black "Jonsson, Per Ola"]
[Result "1/2-1/2"]
[WhiteElo "2205"]
[BlackElo "1821"]
[PlyCount "27"]
[EventDate "2018.02.09"]
[EventType "swiss"]
[EventRounds "8"]
[EventCountry "SWE"]
[SourceTitle "CBM 182 Extra"]
[Source "ChessBase"]
[SourceDate "2018.02.23"]
[SourceVersion "1"]
[SourceVersionDate "2018.02.23"]
[SourceQuality "1"]

1. d4 Nf6 2. c4 g6 3. Nc3 Bg7 4. e4 d6 5. Be2 0-0 6. Nf3 c6 7. 0-0 Bg4 8. Be3 Qc7 9. Qd2 Re8 10. b4 Nbd7 11. Rab1 Bxf3 12. Bxf3 e5 13. dxe5 dxe5 14. c5 1/2-1/2

[Event "SWE-chT 1718 Superettan"]
[Site "Sweden"]
[Date "2017.10.22"]
[Round "3"]
[White "Naslund, Mikael"]
[Black "Andreasson, Vincent"]
[Result "1/2-1/2"]
[WhiteElo "2133"]
[BlackElo "2006"]
[PlyCount "107"]
[EventDate "2017.10.20"]
[EventType "team-tourn"]
[EventRounds "9"]
[EventCountry "SWE"]
[SourceTitle "EXT 2019"]
[Source "ChessBase"]
[SourceDate "2018.10.10"]
[SourceVersion "1"]
[SourceVersionDate "2018.10.10"]
[SourceQuality "1"]
[WhiteTeam "Kristallens"]
[BlackTeam "Manhem"]
[WhiteTeamCountry "SWE"]
[BlackTeamCountry "SWE"]

1. d4 d5 2. c4 c6 3. Nf3 e6 4. Nc3 dxc4 5. a4 Bb4 6. e3 b5 7. Bd2 a5 8. axb5 Bxc3 9. Bxc3 cxb5 10. b3 Bb7 11. bxc4 b4 12. Bb2 Nf6 13. Bd3 0-0 14. 0-0 Nbd7 15. Qc2 Qc7 16. Rfc1 Bxf3 17. gxf3 e5 18. c5 exd4 19. Bxd4 Qc6 20. Qa4 Qxf3 21. Bf1 Ng4 22. Rc2 Qf5 23. Bg2 Rab8 24. e4 Qe6 25. Qxa5 b3 26. Rd2 Nde5 27. Qa6 Qxa6 28. Rxa6 Nc4 29. Rd1 Rbd8 30. Bf3 Nge5 31. Bxe5 Nxe5 32. Be2 Rxd1+ 33. Bxd1 b2 34. Rb6 Nd7 35. Rxb2 Nxc5 36. Bc2 g6 37. Kg2 Kg7 38. Kg3 Re8 39. f3 Re7 40. Rb6 Rc7 41. Bb3 Rb7 42. Rxb7 Nxb7 43. f4 Nc5 44. Bd5 Kf6 45. e5+ Ke7 46. Kg4 f6 47. h4 fxe5 48. fxe5 Nd3 49. Kg5 Nxe5 50. Kh6 Kf6 51. Kxh7 Kf5 52. Kg7 Kg4 53. Be4 Kxh4 54. Bxg6 1/2-1/2

[Event "Rilton Cup 44th"]
[Site "Stockholm"]
[Date "2015.01.02"]
[Round "6"]
[White "Svorono, Gabriel"]
[Black "Naslund, Mikael"]
[Result "1-0"]
[WhiteElo "1884"]
[BlackElo "2150"]
[PlyCount "43"]
[EventDate "2014.12.27"]
[EventType "swiss"]
[EventRounds "9"]
[EventCountry "SWE"]
[SourceTitle "CBM 164 Extra"]
[Source "ChessBase"]
[SourceDate "2015.03.02"]
[SourceVersion "1"]
[SourceVersionDate "2015.03.02"]
[SourceQuality "1"]

1. e4 c5 2. Nf3 e6 3. d4 cxd4 4. Nxd4 a6 5. Bd3 Bc5 6. Nb3 Be7 7. Qg4 g6 8. 0-0 d6 9. Nc3 Nd7 10. f4 Qc7 11. Qe2 Ngf6 12. g4 Nc5 13. Nxc5 Qxc5+ 14. Be3 Qc7 15. Qf3 0-0 16. f5 Nd7 17. Bh6 Ne5 18. Qf4 Qb6+ 19. Kh1 Qxb2 20. f6 Re8 21. fxe7 Qxc3 22. Qf6 1-0

[Event "Rilton Cup 44th"]
[Site "Stockholm"]
[Date "2015.01.01"]
[Round "5"]
[White "Naslund, Mikael"]
[Black "Tomov, Georgi"]
[Result "0-1"]
[WhiteElo "2150"]
[BlackElo "2257"]
[PlyCount "116"]
[EventDate "2014.12.27"]
[EventType "swiss"]
[EventRounds "9"]
[EventCountry "SWE"]
[SourceTitle "CBM 164 Extra"]
[Source "ChessBase"]
[SourceDate "2015.03.02"]
[SourceVersion "1"]
[SourceVersionDate "2015.03.02"]
[SourceQuality "1"]

1. d4 e6 2. c4 f5 3. g3 Nf6 4. Bg2 d5 5. Nf3 c6 6. 0-0 Bd6 7. Bf4 Bxf4 8. gxf4 0-0 9. Nc3 Nbd7 10. e3 Ne4 11. Qc2 Ndf6 12. Ne5 Nxc3 13. Qxc3 Ng4 14. Nxg4 fxg4 15. f3 Qh4 16. fxg4 Qxg4 17. Rf3 Bd7 18. Qb4 b6 19. Qd6 Be8 20. Rg3 Qe2 21. Qxe6+ Bf7 22. Qxc6 Rae8 23. Qh6 Bg6 24. Bxd5+ Kh8 25. Qh3 Qxb2 26. Rf1 Bd3 27. Qd7 g6 28. Bf7 Qe2 29. Rgf3 Rxe3 30. R3f2 Qh5 31. Rc1 Qh4 32. Be6 Rg3+ 33. hxg3 Qxg3+ 34. Rg2 Qe3+ 35. Kh2 Qxf4+ 36. Rg3 Qxc1 37. Qd6 Qh6+ 38. Bh3 Bf5 39. Qe5+ Qg7 40. Bxf5 Qxe5 41. dxe5 Rxf5 42. Ra3 a5 43. Re3 Kg7 44. e6 Kf8 45. e7+ Ke8 46. Kg3 Rc5 47. Re4 a4 48. Kf3 a3 49. Kf2 b5 50. cxb5 Rxb5 51. Kg3 Rb2 52. Ra4 Rxa2 53. Ra7 Ra1 54. Kg2 h5 55. Kh2 g5 56. Ra5 a2 57. Ra7 g4 58. Kg2 g3 0-1

[Event "Rilton Cup 44th"]
[Site "Stockholm"]
[Date "2014.12.30"]
[Round "4"]
[White "Dragicevic, Drazen"]
[Black "Naslund, Mikael"]
[Result "0-1"]
[WhiteElo "2289"]
[BlackElo "2150"]
[PlyCount "98"]
[EventDate "2014.12.27"]
[EventType "swiss"]
[EventRounds "9"]
[EventCountry "SWE"]
[SourceTitle "CBM 164 Extra"]
[Source "ChessBase"]
[SourceDate "2015.03.02"]
[SourceVersion "1"]
[SourceVersionDate "2015.03.02"]
[SourceQuality "1"]

1. Nf3 Nf6 2. c4 g6 3. b4 Bg7 4. Bb2 0-0 5. g3 c6 6. Bg2 a5 7. b5 cxb5 8. cxb5 d5 9. 0-0 Nbd7 10. d3 Re8 11. Nbd2 a4 12. Qc2 e5 13. e4 a3 14. Bc3 Bf8 15. Rab1 d4 16. Bb4 Bxb4 17. Rxb4 Nb6 18. Rc1 Bg4 19. Nc4 Nxc4 20. Rxc4 Qd6 21. Rc7 Rec8 22. Nd2 Be6 23. Rxc8+ Rxc8 24. Nc4 Bxc4 25. dxc4 Qb4 26. Bf1 b6 27. f3 Rc7 28. Rb1 Qd6 29. Bd3 Nd7 30. Qa4 Kg7 31. Kg2 Qe7 32. Be2 h5 33. Rb4 Nc5 34. Qxa3 d3 35. Bd1 Qd6 36. Qc3 h4 37. Rb2 Ra7 38. Rd2 f6 39. a4 g5 40. Be2 h3+ 41. Kf2 Nxe4+ 42. fxe4 Qc5+ 43. Kf3 dxe2 44. Rxe2 Rxa4 45. Re3 Rxc4 46. Qa1 Qc7 47. Qa8 Rc1 48. Kg4 Qd7+ 49. Kh5 Rc8 0-1

[Event "Rilton Cup 44th"]
[Site "Stockholm"]
[Date "2014.12.29"]
[Round "3"]
[White "Naslund, Mikael"]
[Black "Johansson, Gunnar"]
[Result "1/2-1/2"]
[WhiteElo "2150"]
[BlackElo "2231"]
[PlyCount "69"]
[EventDate "2014.12.27"]
[EventType "swiss"]
[EventRounds "9"]
[EventCountry "SWE"]
[SourceTitle "CBM 164 Extra"]
[Source "ChessBase"]
[SourceDate "2015.03.02"]
[SourceVersion "1"]
[SourceVersionDate "2015.03.02"]
[SourceQuality "1"]

1. d4 d5 2. c4 c6 3. Nf3 Nf6 4. Nc3 e6 5. e3 Nbd7 6. Bd3 dxc4 7. Bxc4 b5 8. Be2 Bb7 9. 0-0 Be7 10. e4 b4 11. e5 bxc3 12. exf6 Bxf6 13. bxc3 c5 14. Bf4 0-0 15. Rb1 Be4 16. Bd3 Bxd3 17. Qxd3 Nb6 18. Rfd1 cxd4 19. cxd4 Qd5 20. Qb3 Rfc8 21. Be5 Qxb3 22. axb3 Bxe5 23. dxe5 Rc3 24. Ra1 h6 25. Nd4 g5 26. h3 Rd8 27. Rxa7 Rxb3 28. Raa1 Rc3 29. Nf3 Rxd1+ 30. Rxd1 Kg7 31. Rd4 Kg6 32. h4 Rc4 33. Rxc4 Nxc4 34. hxg5 hxg5 35. g4 1/2-1/2

[Event "Rilton Cup 44th"]
[Site "Stockholm"]
[Date "2014.12.27"]
[Round "1"]
[White "Naslund, Mikael"]
[Black "Johansson, Linus"]
[Result "0-1"]
[WhiteElo "2150"]
[BlackElo "2391"]
[PlyCount "78"]
[EventDate "2014.12.27"]
[EventType "swiss"]
[EventRounds "9"]
[EventCountry "SWE"]
[SourceTitle "CBM 164 Extra"]
[Source "ChessBase"]
[SourceDate "2015.03.02"]
[SourceVersion "1"]
[SourceVersionDate "2015.03.02"]
[SourceQuality "1"]

1. d4 e6 2. c4 Nf6 3. Nc3 Bb4 4. e3 0-0 5. Bd3 d5 6. Nf3 c5 7. 0-0 dxc4 8. Bxc4 Nbd7 9. a3 Bxc3 10. bxc3 b6 11. Qe2 Bb7 12. Bb2 Qc7 13. Rac1 Rac8 14. h3 e5 15. Ba2 c4 16. Nd2 b5 17. f4 exd4 18. cxd4 Ne4 19. Nxe4 Bxe4 20. Rfd1 Nb6 21. Bc3 Nd5 22. Qd2 Rfe8 23. Re1 Qd6 24. Qb2 Qg6 25. Qf2 h5 26. g3 Qd6 27. Qb2 Qd7 28. Kh2 Bf5 29. Bd2 a6 30. a4 Bd3 31. Qa3 Qb7 32. axb5 axb5 33. Bb1 b4 34. Qa5 Bxb1 35. Rxb1 c3 36. Bxc3 Nxc3 37. Rxb4 Qf3 38. Rb2 Nd1 39. Qf5 Nxb2 0-1

[Event "Liberec op 14th"]
[Site "Liberec"]
[Date "2013.10.31"]
[Round "7"]
[White "Yakimenko, Alexander A"]
[Black "Naslund, Mikael"]
[Result "0-1"]
[WhiteElo "2212"]
[BlackElo "2137"]
[PlyCount "108"]
[EventDate "2013.10.26"]
[EventType "swiss"]
[EventRounds "9"]
[EventCountry "CZE"]
[SourceTitle "EXT 2014"]
[Source "ChessBase"]
[SourceDate "2013.11.20"]
[SourceVersion "1"]
[SourceVersionDate "2013.11.20"]
[SourceQuality "1"]

1. d4 Nf6 2. c4 g6 3. Nc3 d5 4. f3 Bg7 5. cxd5 Nxd5 6. e4 Nxc3 7. bxc3 c5 8. Bb5+ Nc6 9. Ne2 cxd4 10. Nxd4 0-0 11. Bxc6 bxc6 12. Be3 c5 13. Ne2 Qa5 14. Qc2 Ba6 15. Kf2 Rac8 16. Rac1 Bc4 17. Rhd1 Rfd8 18. Rd2 Rxd2 19. Bxd2 Rd8 20. Bg5 Rd7 21. Rb1 h6 22. Bf4 Kh7 23. Be3 Bd3 24. Qd2 Qd8 25. Re1 Bxe4 26. Qb2 Bd3 27. Bxc5 Qc7 28. Qb4 a5 29. Qb6 Qxb6 30. Bxb6 Bxe2 31. Rxe2 Bxc3 32. Ke3 e6 33. Rc2 Bb4 34. a3 Bxa3 35. Bxa5 g5 36. Rc7 Rxc7 37. Bxc7 Kg6 38. g3 h5 39. h3 f5 40. g4 hxg4 41. hxg4 Kf7 42. gxf5 exf5 43. Kf2 Ke6 44. Kg2 Bd6 45. Bd8 Bf4 46. Bb6 Kd5 47. Bd8 Kc4 48. Bb6 Kd3 49. Bd8 Ke2 50. Be7 Bd2 51. Bd6 Be3 52. Be5 f4 53. Bd6 g4 54. Bxf4 gxf3+ 0-1

[Event "Liberec op 14th"]
[Site "Liberec"]
[Date "2013.10.29"]
[Round "5"]
[White "Nguyen, Thai Dai Van"]
[Black "Naslund, Mikael"]
[Result "1-0"]
[WhiteElo "2164"]
[BlackElo "2137"]
[PlyCount "73"]
[EventDate "2013.10.26"]
[EventType "swiss"]
[EventRounds "9"]
[EventCountry "CZE"]
[SourceTitle "EXT 2014"]
[Source "ChessBase"]
[SourceDate "2013.11.20"]
[SourceVersion "1"]
[SourceVersionDate "2013.11.20"]
[SourceQuality "1"]

1. e4 c5 2. Nf3 e6 3. d4 cxd4 4. Nxd4 a6 5. Nc3 Qc7 6. Bd3 Nf6 7. 0-0 Bc5 8. Nb3 Be7 9. f4 d6 10. e5 dxe5 11. fxe5 Nfd7 12. Qg4 g6 13. Bf4 Nc6 14. Rae1 Ndxe5 15. Qe2 Qb6+ 16. Be3 Qc7 17. Be4 0-0 18. Bh6 Re8 19. Bxc6 Nxc6 20. Qf2 f5 21. Rd1 Bf8 22. Bxf8 Rxf8 23. Ne4 Bd7 24. Ng5 Rae8 25. Rfe1 Bc8 26. Nc5 Ne5 27. b4 h6 28. Nf3 Nxf3+ 29. Qxf3 b6 30. Nd3 Bb7 31. Qe3 Kh7 32. Ne5 Qxc2 33. Rd7+ Kg8 34. Rxb7 g5 35. Qxb6 Qc3 36. Qe3 Qc8 37. Qa7 1-0

[Event "Chigorin Memorial 20th"]
[Site "St Petersburg"]
[Date "2012.11.01"]
[Round "6"]
[White "Naslund, Mikael"]
[Black "Maltsev, Leonid"]
[Result "1/2-1/2"]
[WhiteElo "2142"]
[BlackElo "1947"]
[PlyCount "177"]
[EventDate "2012.10.27"]
[EventType "swiss"]
[EventRounds "9"]
[EventCountry "RUS"]
[SourceTitle "EXT 2013"]
[Source "ChessBase"]
[SourceDate "2012.11.22"]
[SourceVersion "1"]
[SourceVersionDate "2012.11.22"]
[SourceQuality "1"]

1. d4 f5 2. g3 Nf6 3. Bg2 g6 4. Nf3 Bg7 5. 0-0 0-0 6. Bf4 d6 7. Nc3 Nh5 8. Bg5 h6 9. Bc1 e5 10. dxe5 dxe5 11. Be3 Be6 12. Bc5 Re8 13. e4 Nd7 14. Ba3 Nb6 15. Nh4 Qf6 16. exf5 Rad8 17. Qf3 Bxf5 18. Nxf5 Qxf5 19. Qe2 Qc8 20. Be4 Qe6 21. Rad1 c6 22. Bc5 Nc8 23. Rxd8 Rxd8 24. Rd1 Re8 25. Qd3 Kh7 26. Be3 b6 27. a3 Re7 28. Qe2 Nf6 29. Bd3 Nd6 30. Re1 Nd5 31. Bd2 Nf5 32. Be4 Nd4 33. Qd3 Nxc3 34. Bxc3 c5 35. h4 c4 36. Bxg6+ Qxg6 37. Qxg6+ Kxg6 38. Bxd4 Bf6 39. Bc3 Kf5 40. Kf1 b5 41. Rd1 Ke6 42. Ke2 h5 43. Rd8 Rb7 44. Rc8 Kf5 45. Rc5 a6 46. Ke3 Rb6 47. Ba5 Rd6 48. a4 Be7 49. Ke2 Rd2+ 50. Bxd2 Bxc5 51. axb5 axb5 52. Be3 Bb4 53. Bd2 Bc5 54. Be3 Bb4 55. Bb6 Bf8 56. Kd2 Bb4+ 57. Ke3 Bf8 58. b3 Bh6+ 59. Ke2 Ke4 60. Ba5 Bc1 61. f3+ Kf5 62. Bd2 Bb2 63. Kf2 Bd4+ 64. Be3 Bc3 65. Kg2 e4 66. Kf2 exf3 67. Kxf3 Be5 68. Bf4 Bd4 69. Bc7 Bc5 70. Ke2 Ke4 71. Bb8 Bb6 72. Bd6 Kd5 73. Bf4 Ke4 74. Bb8 Bc5 75. bxc4 bxc4 76. Bc7 Bb4 77. Bf4 Ba5 78. Bd6 Bc3 79. Kf2 Bf6 80. Bc7 Bg7 81. Ke2 Bc3 82. Bf4 Bb4 83. Bb8 Bc3 84. Kf2 Bf6 85. Ke2 Bc3 86. Bc7 Bb4 87. Bf4 Bc3 88. Bc7 Bb4 89. Bf4 1/2-1/2

[Event "Chigorin Memorial 20th"]
[Site "St Petersburg"]
[Date "2012.10.31"]
[Round "5"]
[White "Mitiushkin, Marat"]
[Black "Naslund, Mikael"]
[Result "1/2-1/2"]
[WhiteElo "1953"]
[BlackElo "2142"]
[PlyCount "118"]
[EventDate "2012.10.27"]
[EventType "swiss"]
[EventRounds "9"]
[EventCountry "RUS"]
[SourceTitle "EXT 2013"]
[Source "ChessBase"]
[SourceDate "2012.11.22"]
[SourceVersion "1"]
[SourceVersionDate "2012.11.22"]
[SourceQuality "1"]

1. d4 Nf6 2. c4 g6 3. Nc3 d5 4. Nf3 Bg7 5. cxd5 Nxd5 6. Bd2 Nb6 7. e3 0-0 8. a4 a5 9. Be2 Nc6 10. 0-0 e5 11. dxe5 Nxe5 12. Nxe5 Bxe5 13. f4 Bg7 14. Qc2 Be6 15. Rad1 Qe7 16. Bf3 c6 17. Rfe1 Nc4 18. Bc1 Qb4 19. e4 Nxb2 20. Bxb2 Bb3 21. Qd2 Bxd1 22. Rxd1 Rad8 23. Qxd8 Qxb2 24. Qxa5 Qxc3 25. Qxc3 Bxc3 26. Rd3 Bb4 27. Kf1 Ra8 28. Bd1 Ba5 29. Ke2 Rd8 30. Bb3 Kf8 31. Rxd8+ Bxd8 32. g4 Bc7 33. Kf3 g5 34. fxg5 Bxh2 35. Ke3 Be5 36. Kf3 Kg7 37. Bc4 Bc7 38. Bb3 Kg6 39. Bc4 Bd8 40. Bb3 Bxg5 41. Bc4 Bf6 42. Bd3 Be5 43. Bc4 f6 44. Be6 Bc7 45. Ke2 Kg5 46. Kd3 Kf4 47. Bf5 h6 48. Kc4 Ba5 49. Kb3 Ke5 50. Kc4 Be1 51. Bg6 Bf2 52. Bf5 Kf4 53. Kb3 Ke3 54. Kc4 Kd2 55. Kb3 Bd4 56. Kc4 Ke3 57. Bg6 Be5 58. Bf5 Kd2 59. Bc8 b5+ 1/2-1/2